| 000 | 01215cam a2200265 4500 | ||
|---|---|---|---|
| 001 | WB3817-17 | ||
| 008 | 020509n2002 000 0 eng u | ||
| 035 | _a(Sirsi) u117905 | ||
| 245 | _aSporting rights | ||
| 260 | _c2002 | ||
| 490 |
_aEstates Gazette _v[2002] 18 EG 151 (CS) (4/5/02) |
||
| 520 | _a"Well Barn Shoot Ltd v Shackleton" ChD, 12 April 2002. On the sale of the farm's freehold to the tenant (S) by the owner (W) who also owned the adjoining sporting estate, S insisted on having the right of way over track and sporting rights over farm. After S received planning permission to convert barns into dwellings, W sought access to Warren Field to the track. The claim was allowed as was S's counterclaim that no element of his proposed development infringed reserved sporting rights but subject to certain conditions. | ||
| 590 | _aWB | ||
| 650 | _aWELL BARN SHOOT LTD AND ANOTHER V SHACKLETON AND ANOTHER | ||
| 650 | _aSPORTING ESTATES | ||
| 650 | _aSPORTING RIGHTS | ||
| 650 | _aRIGHTS OF WAY | ||
| 650 | _aACCESS | ||
| 650 | _aBARN CONVERSION | ||
| 650 | _aBUILDING DEVELOPMENT | ||
| 650 | _aTRESPASS | ||
| 650 | _aDAMAGES | ||
| 690 | _aPROPERTY AND LAND LAW-CASE LAW | ||
| 942 | _n0 | ||
| 999 |
_c70222 _d70222 |
||